=LDR 00000nam 2200000 4500 =001 INLIS000000000019861 =005 20130612114857 =008 ***********************************Ind** =035 ##$$0010-061300000019861 =041 ##$$a Ind =082 ##$$a 828.999 483 =090 ##$$a 828.999 483, Lub a =100 ##$$a Lubbock, Adelaide =245 ##$$a Australian Roundabout, Adelaide Lubbocck =260 ##$$a 1963 $b London =300 ##$$a 242 hlm, 31 hlm =650 ##$$a Kesusastraan Inggris-Penulisan =850 ##$$a NBPNMAT